|
|
|
|
| LEADER |
00000nab a2200000 a 4500 |
| 001 |
vtls010866144 |
| 003 |
SK-MaSNL |
| 005 |
20260309142113.0 |
| 008 |
150902 2015 xo m p 000 0 cze |
| 015 |
|
|
|a SNBRB2015/09
|2 lmaosk
|
| 040 |
|
|
|a LMAOSK
|b slo
|c LMAOSK
|e AACR2
|
| 041 |
0 |
|
|a cze
|
| 044 |
|
|
|a xo
|c SK
|
| 080 |
|
|
|a 623.441/.443
|2 2001
|
| 080 |
|
|
|a 623.443
|2 2001
|
| 080 |
|
|
|a 623.443.2
|2 2001
|
| 080 |
|
|
|a (046)
|2 2001
|
| 100 |
1 |
|
|a Albert, Daniel
|4 aut
|9 1086266
|
| 245 |
1 |
0 |
|a Diamanty od Colta jsou věčné :
|b Colt Python .357 Magnum a Colt Officer´s ACP .45 ACP
|c Daniel Albert ; foto RVV
|
| 300 |
|
|
|b Fotogr.
|
| 500 |
|
|
|a Obsahuje charakteristiku a technické údaje
|
| 650 |
0 |
7 |
|a Colt Python (revolver)
|2 LMAOSK
|9 1092837
|
| 650 |
0 |
7 |
|a Colt Officer´s ACP (pištoľ)
|2 LMAOSK
|9 1629395
|
| 650 |
0 |
7 |
|a strelné zbrane
|2 SNKPH
|9 68540
|
| 650 |
0 |
7 |
|a krátke ručné palné zbrane
|2 SNKPH
|9 29006
|
| 650 |
0 |
7 |
|a revolvery
|2 SNKPH
|9 26331
|
| 650 |
0 |
7 |
|a pištole
|2 SNKPH
|9 13774
|
| 655 |
|
7 |
|a články
|2 SNKPH
|9 70601
|
| 773 |
0 |
|
|t Zbraně & náboje
|g Roč. XVII, č. 9 (2015), s. 10-15
|x 1212-5210
|
| 852 |
|
|
|a LMAOSK
|b KIS3GCP
|
| 958 |
|
|
|a NB
|
| 999 |
|
|
|c 3363049
|d 3364979
|